[Event "NED-chT 1819"]
[Site "Netherlands"]
[Date "2019.05.11"]
[Round "9.4"]
[White "Nabuurs, Mart"]
[Black "Vrolijk, Liam"]
[Result "1/2-1/2"]
[WhiteElo "2209"]
[BlackElo "2435"]
[PlyCount "108"]
[EventDate "2018.09.15"]
[EventType "team-tourn"]
[EventRounds "9"]
[EventCountry "NED"]
[SourceTitle "CBM 189 Extra"]
[Source "ChessBase"]
[SourceDate "2019.06.03"]
[SourceVersion "1"]
[SourceVersionDate "2019.06.03"]
[SourceQuality "1"]
[WhiteTeam "De Stukkenjagers"]
[BlackTeam "Kennemer Combinatie"]
[WhiteTeamCountry "NED"]
[BlackTeamCountry "NED"]

1. e4 e5 2. Bc4 Nf6 3. d3 Nc6 4. Nf3 Bc5 5. 0-0 0-0 6. c3 d6 7. a4 a5 8. Na3 Ne7 9. Nc2 Ng6 10. Be3 Bxe3 11. Nxe3 c6 12. Qc2 d5 13. exd5 cxd5 14. Bb5 Qd6 15. Rfe1 h6 16. c4 Be6 17. cxd5 Nxd5 18. Nc4 Nb4 19. Qc3 Qxd3 20. Ncxe5 Qxc3 21. bxc3 Nxe5 22. Rxe5 Nd5 23. Nd4 Nxc3 24. Nxe6 fxe6 25. Rxe6 Nxb5 26. axb5 Rae8 27. Rxe8 Rxe8 28. f4 b6 29. Rc1 a4 30. Kf2 a3 31. Ra1 Ra8 32. Ra2 Kf7 33. Ke3 Ke6 34. Kd4 Ra4+ 35. Kc3 Rxf4 36. Kb3 Re4 37. Kxa3 Kd5 38. Rc2 Rc4 39. Rf2 Rg4 40. Rc2 g6 41. Kb3 h5 42. g3 Re4 43. Rc6 Re6 44. Rc2 g5 45. Rf2 g4 46. Kb4 Re4+ 47. Kb3 Re5 48. Kb4 Re4+ 49. Kb3 Re3+ 50. Kb4 Rf3 51. Rd2+ Ke6 52. Re2+ Kd6 53. Rd2+ Ke6 54. Re2+ Kd6 1/2-1/2

[Event "NED-chT 1819"]
[Site "Netherlands"]
[Date "2019.04.13"]
[Round "8.2"]
[White "Schoppen, Casper"]
[Black "Nabuurs, Mart"]
[Result "1-0"]
[WhiteElo "2433"]
[BlackElo "2209"]
[PlyCount "81"]
[EventDate "2018.09.15"]
[EventType "team-tourn"]
[EventRounds "9"]
[EventCountry "NED"]
[SourceTitle "CBM 189 Extra"]
[Source "ChessBase"]
[SourceDate "2019.06.03"]
[SourceVersion "1"]
[SourceVersionDate "2019.06.03"]
[SourceQuality "1"]
[WhiteTeam "Leiden LSG"]
[BlackTeam "De Stukkenjagers"]
[WhiteTeamCountry "NED"]
[BlackTeamCountry "NED"]

1. c4 e5 2. Nc3 Nc6 3. Nf3 f5 4. g3 Nf6 5. Bg2 e4 6. Nh4 d5 7. cxd5 Nxd5 8. Nxd5 Qxd5 9. d3 Bb4+ 10. Bd2 Bxd2+ 11. Qxd2 0-0 12. dxe4 Qxd2+ 13. Kxd2 fxe4 14. Bxe4 g5 15. Nf3 g4 16. Bxc6 bxc6 17. Ne5 Rxf2 18. Raf1 Rxf1 19. Rxf1 Be6 20. b3 Rd8+ 21. Kc3 Rd5 22. Nd3 Ra5 23. Rf6 Bf7 24. a4 Rh5 25. Rf2 Kf8 26. b4 Ke7 27. e4 Rh6 28. Ne5 Bh5 29. Kd4 Re6 30. Rc2 Be8 31. Rc5 Rd6+ 32. Ke3 h5 33. Ra5 Rd1 34. Rxa7 Rh1 35. Nd3 Rxh2 36. Rxc7+ Kd6 37. Rg7 Rh1 38. e5+ Kd5 39. Re7 h4 40. Nf4+ Kc4 41. gxh4 1-0

[Event "NED-chT 1819"]
[Site "Netherlands"]
[Date "2018.12.15"]
[Round "5.9"]
[White "Nabuurs, Mart"]
[Black "Van der Heijden, Ton"]
[Result "1/2-1/2"]
[WhiteElo "2209"]
[BlackElo "2308"]
[PlyCount "53"]
[EventDate "2018.09.15"]
[EventType "team-tourn"]
[EventRounds "9"]
[EventCountry "NED"]
[SourceTitle "CBM 189 Extra"]
[Source "ChessBase"]
[SourceDate "2019.06.03"]
[SourceVersion "1"]
[SourceVersionDate "2019.06.03"]
[SourceQuality "1"]
[WhiteTeam "De Stukkenjagers"]
[BlackTeam "BSG"]
[WhiteTeamCountry "NED"]
[BlackTeamCountry "NED"]

1. e4 c5 2. Nf3 d6 3. d4 cxd4 4. Nxd4 Nf6 5. Nc3 Nc6 6. Bg5 e6 7. Qd2 Be7 8. 0-0-0 0-0 9. f4 h6 10. Bh4 Bd7 11. Bf2 a6 12. Be2 b5 13. Bf3 Rc8 14. Kb1 b4 15. Nce2 Na5 16. b3 e5 17. g4 Bxg4 18. Rhg1 Bxf3 19. Nxf3 Nxe4 20. Qe3 Nxf2 21. fxe5 Qc7 22. Ned4 Nxd1 23. Qxh6 g6 24. Rxg6+ fxg6 25. Qxg6+ Kh8 26. Qh6+ Kg8 27. Qg6+ 1/2-1/2

[Event "Bruges Masters op"]
[Site "Bruges"]
[Date "2018.08.12"]
[Round "2"]
[White "Gonzales, Jayson"]
[Black "Nabuurs, Mart"]
[Result "1-0"]
[WhiteElo "2383"]
[BlackElo "2248"]
[PlyCount "119"]
[EventDate "2018.08.12"]
[EventType "swiss"]
[EventRounds "9"]
[EventCountry "BEL"]
[SourceTitle "CBM 186 Extra"]
[Source "ChessBase"]
[SourceDate "2018.08.24"]
[SourceVersion "1"]
[SourceVersionDate "2018.08.24"]
[SourceQuality "1"]

1. Nf3 d5 2. c4 e6 3. g3 Nf6 4. Bg2 Be7 5. 0-0 0-0 6. b3 b6 7. Bb2 Bb7 8. e3 dxc4 9. bxc4 c5 10. Nc3 Nc6 11. Qe2 Qc8 12. Rad1 Rd8 13. d3 Ne8 14. Ne1 a6 15. Ba1 Na5 16. f4 Bxg2 17. Nxg2 Rb8 18. f5 exf5 19. Nd5 Bf8 20. Nh4 Nd6 21. Qh5 Qe6 22. e4 f6 23. exf5 Qf7 24. Qg4 Ne8 25. Rfe1 Rxd5 26. cxd5 Qxd5 27. Qe2 Nc7 28. Qg2 Rd8 29. g4 Nc6 30. Qxd5+ Rxd5 31. Ng2 Nb4 32. Nf4 Rd7 33. Ne6 Ncd5 34. Re2 Bd6 35. g5 fxg5 36. Nxg5 Re7 37. Ne6 Nc6 38. Kh1 Nf4 39. Re4 Nxe6 40. fxe6 Nd8 41. Rde1 Kf8 42. d4 cxd4 43. Bxd4 b5 44. Bb6 Nb7 45. Rf1+ Ke8 46. Rc1 Kf8 47. Re2 Bf4 48. Rc6 g5 49. Bd4 a5 50. a3 Rc7 51. Rb6 Nd6 52. Bf6 Rc1+ 53. Kg2 Nf5 54. Rxb5 Nh4+ 55. Kf2 Rh1 56. Reb2 Rxh2+ 57. Kf1 Rh1+ 58. Ke2 g4 59. Rb8+ Bxb8 60. Rxb8# 1-0

[Event "Barcelona Sant Marti op-A 17th"]
[Site "Barcelona"]
[Date "2015.07.16"]
[Round "4"]
[White "Garnier, Teddy"]
[Black "Nabuurs, Mart"]
[Result "0-1"]
[WhiteElo "2055"]
[BlackElo "2247"]
[PlyCount "44"]
[EventDate "2015.07.13"]
[EventType "swiss"]
[EventRounds "9"]
[EventCountry "ESP"]
[SourceTitle "CBM 167 Extra"]
[Source "ChessBase"]
[SourceDate "2015.09.14"]
[SourceVersion "1"]
[SourceVersionDate "2015.09.14"]
[SourceQuality "1"]

1. e4 c5 2. c3 Nf6 3. e5 Nd5 4. g3 Nc6 5. Bg2 Nc7 6. Nf3 d6 7. exd6 Qxd6 8. 0-0 Bg4 9. Qa4 Qd7 10. Na3 g6 11. d4 cxd4 12. Bf4 Ne6 13. Nc4 Rd8 14. Nxd4 Ncxd4 15. Qxd7+ Rxd7 16. cxd4 Nxf4 17. gxf4 Bg7 18. Ne5 Bxe5 19. fxe5 Rxd4 20. Bxb7 0-0 21. Rac1 Rb8 22. Rc7 Bh3 0-1

[Event "Terre degli Elimi op 4th"]
[Site "Erice"]
[Date "2013.07.28"]
[Round "7"]
[White "Knol, Geon"]
[Black "Nabuurs, Mart"]
[Result "1-0"]
[WhiteElo "2146"]
[BlackElo "2243"]
[PlyCount "117"]
[EventDate "2013.07.24"]
[EventType "swiss"]
[EventRounds "7"]
[EventCountry "ITA"]
[SourceTitle "EXT 2015"]
[Source "ChessBase"]
[SourceDate "2014.11.20"]
[SourceVersion "1"]
[SourceVersionDate "2014.11.20"]
[SourceQuality "1"]

1. e4 c5 2. Nc3 d6 3. g3 Nc6 4. Bg2 g6 5. d3 Bg7 6. Be3 e5 7. Qd2 Nge7 8. Bh6 0-0 9. h4 Bxh6 10. Qxh6 f6 11. Qd2 Nd4 12. Nge2 Qa5 13. Nxd4 cxd4 14. Ne2 Qxd2+ 15. Kxd2 Be6 16. h5 g5 17. h6 g4 18. c3 dxc3+ 19. bxc3 Kf7 20. d4 Bc4 21. f3 Rac8 22. Nc1 gxf3 23. Bxf3 Rg8 24. Bh5+ Kf8 25. Ne2 Bxe2 26. Bxe2 Rxg3 27. Rag1 Rcxc3 28. dxe5 dxe5 29. Rxg3 Rxg3 30. Rb1 b6 31. Rc1 Ra3 32. Bc4 Rh3 33. Bb3 Rxh6 34. Rc7 f5 35. exf5 Rd6+ 36. Ke1 a5 37. Rb7 a4 38. Be6 h5 39. Rb8+ Kg7 40. Re8 Kf6 41. Rf8+ Kg5 42. Rf7 Nd5 43. Rg7+ Kf4 44. Bxd5 Rxd5 45. f6 Rd6 46. f7 Rf6 47. Rg2 Ke3 48. Re2+ Kd3 49. Rf2 Rxf7 50. Rxf7 b5 51. Rb7 Kc4 52. Kd2 e4 53. Re7 Kd4 54. a3 h4 55. Rh7 e3+ 56. Kc2 e2 57. Rxh4+ Ke3 58. Rh1 Kf2 59. Kd2 1-0

[Event "NED-chT 1213"]
[Site "Netherlands"]
[Date "2013.04.06"]
[Round "8.4"]
[White "Nabuurs, Mart"]
[Black "Dijkhuis, Tycho"]
[Result "1/2-1/2"]
[WhiteElo "2248"]
[BlackElo "2080"]
[PlyCount "96"]
[EventDate "2012.09.15"]
[EventType "team-tourn"]
[EventRounds "9"]
[EventCountry "NED"]
[SourceTitle "EXT 2014"]
[Source "ChessBase"]
[SourceDate "2013.11.20"]
[SourceVersion "1"]
[SourceVersionDate "2013.11.20"]
[SourceQuality "1"]
[WhiteTeam "De Stukkenjagers"]
[BlackTeam "Utrecht"]
[WhiteTeamCountry "NED"]
[BlackTeamCountry "NED"]

1. e4 c5 2. Nf3 d6 3. Nc3 Nf6 4. e5 dxe5 5. Nxe5 Nbd7 6. Nc4 e6 7. g3 Be7 8. Bg2 0-0 9. d3 Nb6 10. Qe2 Nxc4 11. dxc4 Qb6 12. Qf3 Qb4 13. b3 Ne4 14. Bb2 Bf6 15. Qxe4 Bxc3+ 16. Bxc3 Qxc3+ 17. Ke2 Rd8 18. Rhd1 Bd7 19. Qxb7 Qxc2+ 20. Ke1 e5 21. Qxa8 Rxa8 22. Bxa8 g6 23. Rac1 Qb2 24. Be4 Bg4 25. Rc2 Qa3 26. f3 Be6 27. Rd6 Kg7 28. Kf2 h5 29. Kg2 Qb4 30. Re2 Qc3 31. h3 Qc1 32. h4 g5 33. hxg5 Qxg5 34. Kf2 Qc1 35. Re1 Qb2+ 36. Re2 Qc1 37. Bd5 Bf5 38. Be4 Be6 39. Bd5 Bf5 40. Re1 Qd2+ 41. Re2 Qd4+ 42. Kg2 Bd3 43. Rf2 e4 44. fxe4 Bxe4+ 45. Kg1 Qd1+ 46. Rf1 Qd4+ 47. Rf2 Qd1+ 48. Rf1 Qd4+ 1/2-1/2

[Event "EU-Cup 28th"]
[Site "Eilat"]
[Date "2012.10.12"]
[Round "2.3"]
[White "Nabuurs, Mart"]
[Black "Swinkels, Robin"]
[Result "0-1"]
[WhiteElo "2250"]
[BlackElo "2494"]
[PlyCount "94"]
[EventDate "2012.10.11"]
[EventType "team-swiss"]
[EventRounds "7"]
[EventCountry "ISR"]
[SourceTitle "CBM 151"]
[Source "ChessBase"]
[SourceDate "2012.11.13"]
[SourceVersion "1"]
[SourceVersionDate "2012.11.13"]
[SourceQuality "1"]
[WhiteTeam "De Stukkenjagers"]
[BlackTeam "Eynatten"]
[WhiteTeamCountry "NED"]
[BlackTeamCountry "BEL"]

1. e4 c5 2. Nf3 d6 3. Nc3 Nc6 4. d4 cxd4 5. Nxd4 Nf6 6. Bc4 Qb6 7. Nb3 e6 8. Bf4 Ne5 9. Be2 Bd7 10. 0-0 Qc7 11. Qd2 a6 12. a4 Be7 13. Rad1 Rc8 14. f3 0-0 15. Bg5 Rfd8 16. f4 Nc4 17. Bxc4 Qxc4 18. Qd4 Qxd4+ 19. Rxd4 Bc6 20. Rfd1 Kf8 21. e5 dxe5 22. fxe5 Nd7 23. Bxe7+ Kxe7 24. Re1 b6 25. a5 b5 26. Re2 Bb7 27. Ne4 Nxe5 28. Rxd8 Rxd8 29. Nec5 Ng4 30. Rd2 Bc8 31. Nd3 Nf6 32. Re2 Nd7 33. Nbc5 Nxc5 34. Nxc5 b4 35. Nd3 Rd4 36. Kf2 Bd7 37. Ke3 Rd5 38. Nxb4 Rxa5 39. b3 Rb5 40. Nd3 e5 41. b4 Be6 42. Re1 a5 43. c3 axb4 44. cxb4 f5 45. Ra1 Bc4 46. Ra4 f4+ 47. Kd2 Rd5 0-1

[Event "Bethune op 32th"]
[Site "Bethune"]
[Date "2011.12.28"]
[Round "5.2"]
[White "Priebe, Jan"]
[Black "Nabuurs, Mart"]
[Result "1-0"]
[WhiteElo "2275"]
[BlackElo "2200"]
[PlyCount "103"]
[EventDate "2011.12.26"]
[EventType "swiss"]
[EventRounds "9"]
[EventCountry "FRA"]
[SourceTitle "EXT 2014"]
[Source "ChessBase"]
[SourceDate "2013.11.20"]
[SourceVersion "1"]
[SourceVersionDate "2013.11.20"]
[SourceQuality "1"]

1. e4 c5 2. c3 Nf6 3. e5 Nd5 4. Nf3 Nc6 5. Bc4 Nb6 6. Bb5 d5 7. exd6 Qxd6 8. d4 cxd4 9. Qxd4 Qxd4 10. Nxd4 Bd7 11. Nxc6 Bxc6 12. Bxc6+ bxc6 13. Ke2 e5 14. Nd2 Be7 15. a4 a5 16. Nf3 f6 17. Be3 Nc4 18. Nd2 Nxd2 19. Kxd2 Rb8 20. Rab1 Kf7 21. b3 Rb7 22. Kd3 Rhb8 23. Kc4 Ke6 24. Rhe1 g5 25. Bd2 Rd8 26. Re2 f5 27. f3 Rd5 28. Be3 h5 29. h3 f4 30. Bf2 g4 31. hxg4 hxg4 32. b4 gxf3 33. gxf3 Rbd7 34. Rh1 Bf6 35. Rh6 Kf5 36. b5 cxb5+ 37. axb5 Rd2 38. Rxd2 Rxd2 39. Bb6 Bd8 40. Bxd8 Rxd8 41. b6 a4 42. Kb4 e4 43. fxe4+ Kxe4 44. c4 Ke5 45. Kxa4 f3 46. Kb5 f2 47. Rh1 Kd6 48. c5+ Kd7 49. c6+ Kd6 50. c7 Rf8 51. Rd1+ Ke7 52. Kc6 1-0

[Event "NED-chT 1112"]
[Site "Netherlands"]
[Date "2011.12.17"]
[Round "4.4"]
[White "Nabuurs, Mart"]
[Black "Van der Werf, Mark"]
[Result "0-1"]
[WhiteElo "2189"]
[BlackElo "2441"]
[PlyCount "110"]
[EventDate "2011.09.17"]
[EventType "team-tourn"]
[EventRounds "9"]
[EventCountry "NED"]
[SourceTitle "EXT 2013"]
[Source "ChessBase"]
[SourceDate "2012.11.22"]
[SourceVersion "1"]
[SourceVersionDate "2012.11.22"]
[SourceQuality "1"]
[WhiteTeam "De Stukkenjagers"]
[BlackTeam "Leiden LSG"]
[WhiteTeamCountry "NED"]
[BlackTeamCountry "NED"]

1. e4 e5 2. Nf3 Nc6 3. Bc4 Nf6 4. Ng5 d5 5. exd5 Na5 6. Bb5+ c6 7. dxc6 bxc6 8. Be2 h6 9. Nh3 g5 10. Nc3 Bg7 11. d3 0-0 12. Ne4 Nd5 13. c4 Nc7 14. Nc3 Nb7 15. 0-0 Nd6 16. Bf3 Qd7 17. Qa4 Bb7 18. c5 Ndb5 19. Kh1 Nd4 20. Bd1 Ba6 21. Ng1 Bxd3 22. Re1 Nce6 23. Qa3 Rfe8 24. Nf3 Nxf3 25. Bxf3 Nd4 26. Bd1 Kh8 27. Be3 f5 28. Na4 e4 29. Rc1 Nb5 30. Qb3 f4 31. Bd2 Bd4 32. f3 Bf2 33. fxe4 Bxe1 34. Bxe1 Bxe4 35. Bh5 Re7 36. Nc3 Nxc3 37. Bxc3+ Kh7 38. Bf6 Bxg2+ 39. Kg1 Re3 40. Rd1 Qc7 41. Qc4 Rf8 42. Rd6 Bd5 43. Qc2+ Be4 44. Qd1 Bf5 45. Bg4 Qc8 46. Bh5 Rh3 47. Bc3 f3 48. Qd4 f2+ 49. Kxf2 Rxc3 50. bxc3 Bg4+ 51. Ke3 Bxh5 52. Qe4+ Kg7 53. Qd4+ Kg8 54. Rd7 Qe8+ 55. Kd3 Qe2# 0-1

[Event "NED-chT 1112"]
[Site "Netherlands"]
[Date "2011.11.26"]
[Round "3.7"]
[White "Nabuurs, Mart"]
[Black "Van de Griendt, Jan Willem"]
[Result "1-0"]
[WhiteElo "2189"]
[BlackElo "2330"]
[PlyCount "101"]
[EventDate "2011.09.17"]
[EventType "team-tourn"]
[EventRounds "9"]
[EventCountry "NED"]
[SourceTitle "EXT 2013"]
[Source "ChessBase"]
[SourceDate "2012.11.22"]
[SourceVersion "1"]
[SourceVersionDate "2012.11.22"]
[SourceQuality "1"]
[WhiteTeam "De Stukkenjagers"]
[BlackTeam "Rotterdam"]
[WhiteTeamCountry "NED"]
[BlackTeamCountry "NED"]

1. e4 e6 2. Nf3 d5 3. e5 c5 4. b4 d4 5. bxc5 Bxc5 6. Ba3 Qa5 7. Bxc5 Qxc5 8. c3 Nc6 9. cxd4 Nxd4 10. Qa4+ Bd7 11. Qxd4 Qc1+ 12. Ke2 Bb5+ 13. Ke3 Bxf1 14. Qa4+ Kf8 15. Qb5 Bxb5 16. Rxc1 Ne7 17. Nd4 Bd7 18. Nc3 f6 19. f4 fxe5 20. fxe5 Ng6 21. Rab1 b6 22. Ncb5 Nxe5 23. Rc7 a6 24. Nd6 Ke7 25. Rxb6 Rhb8 26. Nb7 Rc8 27. Rxe6+ Kf8 28. Rxc8+ Bxc8 29. Rxe5 Bxb7 30. g4 Bc8 31. g5 Ra7 32. Nb3 Kf7 33. Nc5 h6 34. h4 hxg5 35. hxg5 Kg6 36. d4 Bf5 37. d5 Kxg5 38. d6 Kf6 39. Rxf5+ Kxf5 40. d7 Ra8 41. Nb7 Ke5 42. d8Q Rxd8 43. Nxd8 Kd5 44. Kd3 g5 45. Nf7 g4 46. Nh6 g3 47. Nf5 g2 48. Ne3+ Kc5 49. Nxg2 Kb4 50. Kc2 Ka3 51. Kb1 1-0

[Event "Roosendaal op"]
[Site "Roosendaal"]
[Date "2010.08.29"]
[Round "6"]
[White "Konings, Frans"]
[Black "Nabuurs, Mart"]
[Result "1-0"]
[WhiteElo "2260"]
[BlackElo "2184"]
[PlyCount "67"]
[EventDate "2010.08.27"]
[EventType "swiss"]
[EventRounds "6"]
[EventCountry "NED"]
[SourceTitle "CBM 138 Extra"]
[Source "ChessBase"]
[SourceDate "2010.10.29"]
[SourceVersion "1"]
[SourceVersionDate "2010.10.29"]
[SourceQuality "1"]

1. d4 d5 2. c4 c6 3. Nc3 Nf6 4. e3 e6 5. Nf3 Nbd7 6. b3 Bd6 7. Be2 0-0 8. 0-0 dxc4 9. bxc4 b6 10. Rb1 c5 11. d5 Ne5 12. Nb5 Nxf3+ 13. Bxf3 e5 14. Nxd6 Qxd6 15. e4 Ne8 16. Bb2 f5 17. exf5 Bxf5 18. Rc1 e4 19. Be2 Nf6 20. Rc3 Rae8 21. Rg3 Re7 22. Qa1 Bg6 23. Rg5 Qf4 24. Re5 Rfe8 25. Rxe7 Rxe7 26. Rd1 Ne8 27. d6 Rd7 28. Be5 Qf8 29. Qc3 Nxd6 30. Qd2 Nf7 31. Qxd7 Nxe5 32. Qe6+ Nf7 33. h4 e3 34. fxe3 1-0

[Event "Roosendaal op"]
[Site "Roosendaal"]
[Date "2010.08.28"]
[Round "3"]
[White "Nabuurs, Mart"]
[Black "Blijlevens, Pim"]
[Result "1-0"]
[WhiteElo "2184"]
[BlackElo "1920"]
[PlyCount "91"]
[EventDate "2010.08.27"]
[EventType "swiss"]
[EventRounds "6"]
[EventCountry "NED"]
[SourceTitle "CBM 138 Extra"]
[Source "ChessBase"]
[SourceDate "2010.10.29"]
[SourceVersion "1"]
[SourceVersionDate "2010.10.29"]
[SourceQuality "1"]

1. e4 d6 2. d4 g6 3. Nc3 Bg7 4. Be3 Nd7 5. Nf3 e5 6. dxe5 dxe5 7. Bd3 c6 8. a4 Qe7 9. 0-0 Ngf6 10. h3 0-0 11. Qe2 Nh5 12. Rfe1 Nc5 13. Bc4 Ne6 14. Bxe6 Bxe6 15. Nd2 Rfd8 16. Qf3 Bf6 17. Nf1 Bg5 18. Ne2 Rd7 19. Red1 Bxe3 20. Qxe3 Bc4 21. Nfg3 Nxg3 22. Nxg3 Rad8 23. Rxd7 Rxd7 24. Qxa7 Rd2 25. b3 Ba6 26. c4 Qd6 27. Re1 Rb2 28. Qe3 Qd4 29. Qf3 Qb6 30. Re3 Rd2 31. Qf6 Qc5 32. Rf3 Rd7 33. h4 Qd6 34. Qg5 Qe7 35. Qxe7 Rxe7 36. Rd3 b6 37. Rd8+ Kg7 38. Ra8 Bb7 39. Rb8 Kf6 40. Kf1 Ke6 41. Ke2 Kd6 42. Kd3 Kc5 43. Kc3 Kd6 44. h5 gxh5 45. Nf5+ Kc7 46. Rxb7+ 1-0

[Event "Maastricht Limburg op-A 4th"]
[Site "Maastricht"]
[Date "2010.05.23"]
[Round "4"]
[White "Wislez, Francis"]
[Black "Nabuurs, Mart"]
[Result "0-1"]
[WhiteElo "2040"]
[BlackElo "2161"]
[PlyCount "68"]
[EventDate "2010.05.21"]
[EventType "swiss"]
[EventRounds "7"]
[EventCountry "NED"]
[SourceTitle "CBM 136 Extra"]
[Source "ChessBase"]
[SourceDate "2010.07.02"]
[SourceVersion "2"]
[SourceVersionDate "2010.07.15"]
[SourceQuality "1"]

1. d4 d5 2. Nf3 e6 3. g3 Nf6 4. Bg2 c5 5. e3 Nc6 6. 0-0 b6 7. Nbd2 Bb7 8. b3 Bd6 9. Bb2 0-0 10. Ne5 Qe7 11. f4 Rac8 12. c4 Rfd8 13. cxd5 Nxd5 14. Nxc6 Bxc6 15. Re1 cxd4 16. Bxd4 Bc5 17. Bxc5 Qxc5 18. Ne4 Qa5 19. Qh5 h6 20. a3 Qb5 21. b4 Qd3 22. Nf2 Qc3 23. Qe2 Ba4 24. e4 Ne7 25. Qf3 Qb2 26. Rab1 Qc2 27. Qe3 Rd2 28. Rbc1 Qxc1 29. Rxc1 Rxc1+ 30. Bf1 Rcc2 31. Ng4 h5 32. Ne5 Rd1 33. Nd3 Bb5 34. Ne1 Rcc1 0-1

[Event "Maastricht Limburg op-A 4th"]
[Site "Maastricht"]
[Date "2010.05.22"]
[Round "3"]
[White "Van Eijk, Sander"]
[Black "Nabuurs, Mart"]
[Result "1/2-1/2"]
[WhiteElo "2353"]
[BlackElo "2161"]
[PlyCount "57"]
[EventDate "2010.05.21"]
[EventType "swiss"]
[EventRounds "7"]
[EventCountry "NED"]
[SourceTitle "CBM 136 Extra"]
[Source "ChessBase"]
[SourceDate "2010.07.02"]
[SourceVersion "2"]
[SourceVersionDate "2010.07.15"]
[SourceQuality "1"]

1. e4 c5 2. Nf3 d6 3. d4 cxd4 4. Nxd4 Nf6 5. Nc3 a6 6. Bc4 e6 7. 0-0 Be7 8. Bb3 Nc6 9. f4 0-0 10. Kh1 Qc7 11. f5 Nxd4 12. Qxd4 b5 13. a3 Rd8 14. Bg5 exf5 15. exf5 Qc5 16. Qd3 Bb7 17. Rae1 d5 18. Ne2 Ng4 19. Bxe7 Qxe7 20. Qg3 Nf6 21. Qh4 Re8 22. Nd4 Qd6 23. c3 Re4 24. Rxe4 dxe4 25. Re1 Re8 26. Re3 Bd5 27. Bc2 a5 28. b4 axb4 29. axb4 1/2-1/2

[Event "NED Cup"]
[Site "Amersfoort"]
[Date "2010.05.13"]
[Round "2.1"]
[White "Nabuurs, Mart"]
[Black "Spoelman, Wouter"]
[Result "0-1"]
[WhiteElo "2161"]
[BlackElo "2580"]
[PlyCount "122"]
[EventDate "2010.05.13"]
[EventType "team-k.o."]
[EventRounds "3"]
[EventCountry "NED"]
[SourceTitle "CBM 136 Extra"]
[Source "ChessBase"]
[SourceDate "2010.07.02"]
[SourceVersion "2"]
[SourceVersionDate "2010.07.15"]
[SourceQuality "1"]

1. e4 c5 2. Nc3 d6 3. g3 Nc6 4. Bg2 g6 5. d3 Bg7 6. Be3 e5 7. Qd2 Nge7 8. Bh6 Bxh6 9. Qxh6 Nd4 10. 0-0-0 Bg4 11. f3 Be6 12. f4 Qa5 13. Kb1 0-0-0 14. Nf3 Nxf3 15. Bxf3 Nc6 16. Bg2 Kb8 17. Bh3 b5 18. Bxe6 fxe6 19. fxe5 dxe5 20. Rhf1 Nd4 21. Rd2 b4 22. Ne2 Nb5 23. Qg5 Ka8 24. Nc1 h6 25. Qxe5 c4 26. Qxe6 c3 27. Qc6+ Kb8 28. Rf7 Nd6 29. Rdf2 Nxf7 30. Rxf7 Qb6 31. Qxb6+ axb6 32. bxc3 bxc3 33. Ne2 Rhf8 34. Rxf8 Rxf8 35. Nxc3 Rf2 36. d4 Rxh2 37. e5 Rg2 38. e6 Rxg3 39. Nd5 Rg1+ 40. Kb2 Re1 41. e7 h5 42. Nxb6 Rxe7 43. Nc4 h4 44. Ne5 h3 45. Nc6+ Kb7 46. Nxe7 h2 47. Nxg6 h1Q 48. Ne5 Qg2 49. Nd3 Kc6 50. Kb3 Qd5+ 51. Kc3 Kb5 52. a4+ Kxa4 53. Nc5+ Kb5 54. Nb3 Qf3+ 55. Kb2 Qe3 56. Kb1 Kc4 57. Kb2 Kb4 58. Nc1 Qxd4+ 59. Kb1 Ka3 60. Nd3 Qg1+ 61. Nc1 Qd1 0-1

[Event "Maastricht Limburg op"]
[Site "Maastricht"]
[Date "2008.05.11"]
[Round "4"]
[White "Zachariassen, Bjarne"]
[Black "Nabuurs, Mart"]
[Result "1/2-1/2"]
[WhiteElo "1938"]
[BlackElo "2093"]
[PlyCount "43"]
[EventDate "2008.05.09"]
[EventType "swiss"]
[EventRounds "7"]
[EventCountry "NED"]
[SourceTitle "EXT 2009"]
[Source "ChessBase"]
[SourceDate "2008.11.26"]
[SourceVersion "1"]
[SourceVersionDate "2008.11.26"]
[SourceQuality "1"]

1. e4 d5 2. exd5 Qxd5 3. Nf3 Bg4 4. Be2 Nc6 5. d4 0-0-0 6. Be3 e6 7. h3 Bh5 8. c4 Qd7 9. Qb3 Nf6 10. Nc3 Na5 11. Qb5 Qxb5 12. Nxb5 Bb4+ 13. Kf1 Bxf3 14. gxf3 a6 15. Nc3 Nc6 16. Rd1 Rd7 17. Rg1 g6 18. d5 exd5 19. cxd5 Bxc3 20. dxc6 Rxd1+ 21. Bxd1 Bxb2 22. cxb7+ 1/2-1/2

[Event "NED-ch U21"]
[Site "Venlo"]
[Date "2008.05.01"]
[Round "7"]
[White "Nabuurs, Mart"]
[Black "Hortensius, Nick"]
[Result "1-0"]
[WhiteElo "2093"]
[BlackElo "1990"]
[PlyCount "77"]
[EventDate "2008.04.25"]
[EventType "swiss"]
[EventRounds "9"]
[EventCountry "NED"]
[SourceTitle "CBM 123 Extra"]
[Source "ChessBase"]
[SourceDate "2008.05.06"]
[SourceVersion "1"]
[SourceVersionDate "2008.05.06"]
[SourceQuality "1"]

1. e4 e6 2. Nc3 d5 3. d4 Nc6 4. e5 f6 5. Nf3 Bd7 6. Be2 Qe7 7. 0-0 Qf7 8. a3 0-0-0 9. b4 h6 10. Nb5 g5 11. exf6 Qxf6 12. Bb2 a6 13. Nc3 g4 14. Ne5 h5 15. b5 axb5 16. Nxb5 Bd6 17. Nxd6+ cxd6 18. Nxc6 Bxc6 19. a4 Ne7 20. a5 Nf5 21. Qd2 Nh4 22. Ra3 Rhg8 23. Kh1 Rdf8 24. a6 b6 25. Qc3 Kd7 26. Qxc6+ Kxc6 27. Rc3+ Kd7 28. Bb5+ Kd8 29. a7 Qf4 30. a8Q+ Ke7 31. Qa7+ Kf6 32. Bc1 Qe4 33. f3 gxf3 34. Rcxf3+ Nf5 35. Bd3 Qxd4 36. Bxf5 exf5 37. Qd7 Kg6 38. Rg3+ Kf6 39. Rxf5# 1-0

[Event "NED-ch U21"]
[Site "Venlo"]
[Date "2008.04.30"]
[Round "6"]
[White "Goudriaan, Etienne"]
[Black "Nabuurs, Mart"]
[Result "1-0"]
[WhiteElo "2117"]
[BlackElo "2093"]
[PlyCount "61"]
[EventDate "2008.04.25"]
[EventType "swiss"]
[EventRounds "9"]
[EventCountry "NED"]
[SourceTitle "CBM 123 Extra"]
[Source "ChessBase"]
[SourceDate "2008.05.06"]
[SourceVersion "1"]
[SourceVersionDate "2008.05.06"]
[SourceQuality "1"]

1. d4 d5 2. c4 c6 3. Nc3 dxc4 4. e3 b5 5. a4 b4 6. Na2 a5 7. Bxc4 Nf6 8. Nf3 e6 9. Qc2 Bb7 10. 0-0 Nbd7 11. Rd1 Qc7 12. e4 c5 13. d5 e5 14. Bg5 Bd6 15. Nc1 0-0 16. Ne2 Nh5 17. Nh4 g6 18. Bh6 Ng7 19. Ng3 Nb6 20. Bb5 Qd8 21. Nf3 Bc8 22. Be3 Nd7 23. Nd2 f5 24. exf5 gxf5 25. Nc4 Be7 26. d6 f4 27. Bxd7 Bxd7 28. Bxc5 Bh4 29. Ne4 f3 30. g3 Bf6 31. Nb6 1-0

[Event "NED-ch U21"]
[Site "Venlo"]
[Date "2008.04.25"]
[Round "1"]
[White "Nabuurs, Mart"]
[Black "Kuipers, Stefan"]
[Result "0-1"]
[WhiteElo "2093"]
[BlackElo "2319"]
[PlyCount "58"]
[EventDate "2008.04.25"]
[EventType "swiss"]
[EventRounds "9"]
[EventCountry "NED"]
[SourceTitle "CBM 123 Extra"]
[Source "ChessBase"]
[SourceDate "2008.05.06"]
[SourceVersion "1"]
[SourceVersionDate "2008.05.06"]
[SourceQuality "1"]

1. e4 c5 2. Nc3 Nc6 3. g3 g6 4. Bg2 Bg7 5. d3 d6 6. Be3 Nd4 7. Qd2 Qa5 8. Nge2 Bg4 9. Nc1 Nf3+ 10. Bxf3 Bxf3 11. Rg1 e5 12. Nb3 Qd8 13. Qc1 Bg4 14. Nd5 Be6 15. c4 h6 16. Qd2 Ne7 17. Nxe7 Qxe7 18. Nc1 f5 19. Qc2 Qf7 20. b3 0-0 21. f3 g5 22. Qe2 f4 23. Bd2 fxg3 24. Rxg3 Qh5 25. Qg2 Rf4 26. Ne2 Rh4 27. 0-0-0 Rxh2 28. Qf1 Qh4 29. Be1 Bh3 0-1